İstanbul bir kervansaray (mı?) (Record no. 9780)
[ view plain ]
| 000 -BAŞLIK | |
|---|---|
| Sabit Uzunlukta Kontrol Alanı | 01131na a2200337 4500 |
| 001 - KONTROL NUMARASI | |
| Denetim Alanı | 13581 |
| 003 - KONTROL NUMARASI IDENTIFIER | |
| Denetim Alanı | MIRAKIL |
| 005 - SON İŞLEM TARİHİ VE ZAMANI | |
| Denetim Alanı | 20181213155256.0 |
| 008 - SABİT-BOY VERİ ELEMANLARI - GENEL BİLGİLER | |
| Sabit Uzunlukta Kontrol Alanı | 161012b tu 000 0 |
| 020 ## - ULUSLARARASI STANDART KİTAP NUMARASI | |
| Uluslararası Standart Kitap Numarası | 9786053993711 |
| 035 ## - SİSTEM KONTROL NUMARASI | |
| Sistem Kontrol Numarası | 13581 |
| 040 ## - KATALOGLAMA KAYNAK | |
| Orijinal Kataloglama Ajansı | Milas |
| Kataloglama Dili | tur |
| Metne Dönüştürmek Ajansı | TR-AnCHP |
| 041 ## - DİL KODU | |
| Metin / Ses Parça Veya Ayrı Başlığın Dil Kodu | tur |
| 082 ## - DEWEY ONLU SINIFLANDIRMA NUMARASI | |
| Sınıflandırma Numarası | 307.24 |
| Ürün Numarası | E62i 2015 |
| 090 ## - SINIFLAMA NUMARASI | |
| Sınıflama Numarası | 307.24 E62i 2015 |
| 100 ## - ANA GİRİŞ - KİŞİSEL İSİM | |
| Kişisel Ad | Erder, Sema |
| 245 ## - BAŞLIK TABLOSU | |
| Başlık | İstanbul bir kervansaray (mı?) |
| Başlığın Kalan | Göç yazıları |
| Sorumluluk Tablosu, Vb | Sema Erder; Derleyen Nesrin Uçarlar ; yayına hazırlayan Cem Tüzün |
| 246 ## - UNVAN FORM VARYING | |
| Başlık Doğru / Kısa Başlığı | Göç yazıları |
| 260 ## - YAYIN, DAĞITIM, VB | |
| Yayın, Dağıtım, Vb Yeri | İstanbul |
| Yayıncı, Dağıtıcı, Vs Adı | İstanbul Bilgi Üniversitesi Yayınları |
| Yayın, Dağıtım, Vb Tarihi | 2015 |
| 300 ## - FİZİKSEL TANIM | |
| Kapsam | xix, 419 s. |
| Diğer Fiziksel Ayrıntıları | tbl. , res. |
| Boyutlar | 23 sm. |
| 490 ## - SERİSİ TABLOSU | |
| Seri Beyanı | İstanbul Üniversitesi yayınları |
| Hacim / Ardışık Tanımı | 494 |
| 490 ## - SERİSİ TABLOSU | |
| Seri Beyanı | Göç Çalışmaları |
| 504 ## - KAYNAKÇA VB NOT | |
| Kaynakça Vb Notu | Dizin var. |
| 650 ## - KONU KATMA GİRİŞ - TOPİKAL DÖNEM | |
| Topikal Süreli Veya Coğrafi Ad Giriş Elemanı | İç göçler |
| Coğrafi Alt Bölümü | İstanbul |
| 650 ## - KONU KATMA GİRİŞ - TOPİKAL DÖNEM | |
| Topikal Süreli Veya Coğrafi Ad Giriş Elemanı | Yerel yönetimler |
| Genel Alt Bölümü | Göç politikası |
| Coğrafi Alt Bölümü | İstanbul |
| 650 ## - KONU KATMA GİRİŞ - TOPİKAL DÖNEM | |
| Topikal Süreli Veya Coğrafi Ad Giriş Elemanı | Kentleşme |
| Genel Alt Bölümü | Gecekondu yerleşimleri |
| Coğrafi Alt Bölümü | İstanbul |
| 651 ## - KONU KATMA GİRİŞ - COĞRAFİ ADI | |
| Coğrafi İsim | Türkiye |
| Genel Alt Bölümü | Göç ve göçmenlik |
| Kronolojik Alt Bölümü | İstanbul |
| Coğrafi Alt Bölümü | Siyasal yönler |
| 700 ## - KATMA GİRİŞ - KİŞİSEL İSİM | |
| Kişisel Ad | Uçarlar, Nesrin |
| 700 ## - KATMA GİRİŞ - KİŞİSEL İSİM | |
| Kişisel Ad | Tüzün, Cem |
| 942 ## - EKLENDİ GİRİŞ ELEMANLARI (KOHA) | |
| Sınıflandırma Veya Raf Düzeni Kaynak | Dewey Decimal Classification |
| Koha Öğesi Türü | Books |
| 999 ## - SİSTEM KONTROL NUMARALARI (KOHA) | |
| Koha Biblionumber | 9780 |
| Koha Biblioitemnumber | 9780 |
| Kalıcı Konum | Mevcut Konum | Edinme Tarihi | Edinim Kaynak | Toplam Check-Out'Lar | Tam Çağrı Numarası | Barkod | Tarih Son Görülme | İtibaren Geçerli Fiyatlar | Koha Öğesi Türü |
|---|---|---|---|---|---|---|---|---|---|
| CHP Kütüphanesi | CHP Kütüphanesi | 08/15/2016 | Bağış | 307.24 E62i 2015 | 001242 | 08/15/2016 | 08/15/2016 | Books |
